| 000 | 01008nam a22002777a 4500 | ||
|---|---|---|---|
| 003 | MX-MxUPN | ||
| 005 | 20240912111154.0 | ||
| 008 | 240829s2022 ag a|||gr|||| 00| 0 spa d | ||
| 020 | _a9789875388598 | ||
| 040 |
_aMX-MxUPN _bspa _cMX-MxUPN |
||
| 041 | _aspa | ||
| 050 | 1 | 4 |
_aHV6570.4 A7 _bB37 2022 |
| 100 | 1 |
_953547 _aBarilari, Sandra |
|
| 245 | 1 | 0 |
_aAbuso sexual intrafamiliar : _bsaber qué hacer : ESI. Talleres en clave de derechos. Guía práctica para profesionales de la educación |
| 250 | _a1a edición | ||
| 260 |
_aBuenos Aires : _bNoveduc libros, _c2022. |
||
| 300 |
_a166 páginas : _bilustraciones |
||
| 490 | 0 | _aNoveduc Gestion | |
| 504 | _aIncluye bibliografía. | ||
| 650 | 4 |
_953549 _aAbuso sexual de niños _zArgentina |
|
| 650 | 4 |
_94168 _aRelación maestro-estudiante |
|
| 650 | 4 |
_953548 _aAbuso sexual de niños _xLeyes y legislación _zArgentina |
|
| 902 |
_aGCH290824 _bMaríaRobles/120924 |
||
| 942 |
_2lcc _cLIBRO _n0 |
||
| 999 |
_c211689 _d211689 |
||